| Tag |
First Indicator |
Second Indicator |
Subfields |
| LEADER |
00000cam a2200000 4500 |
| 001 |
in00000033530 |
| 005 |
20151007061849.0 |
| 008 |
741018s1940 ncu b 00010 eng u |
| 010 |
|
|
|a 41000135
|
| 035 |
|
|
|a (OCoLC)01045346
|
| 035 |
|
|
|9 AAD3315AM
|
| 040 |
|
|
|c HEI
|d TXA
|d UtOrBLW
|
| 049 |
|
|
|a TXAM
|c [110292]
|
| 050 |
|
0 |
|a PS377
|b .B7
|
| 082 |
0 |
|
|a 813.209
|
| 092 |
|
|
|a 813.09
|b B878s
|
| 100 |
1 |
|
|a Brown, Herbert Ross,
|d 1902-1988.
|
| 245 |
1 |
4 |
|a The sentimental novel in America, 1789-1860 /
|c by Herbert Ross Brown.
|
| 264 |
|
1 |
|a Durham, N.C. :
|b Duke University Press,
|c 1940.
|
| 300 |
|
|
|a ix, 407 pages ;
|c 24 cm.
|
| 336 |
|
|
|a text
|b txt
|2 rdacontent
|
| 337 |
|
|
|a unmediated
|b n
|2 rdamedia
|
| 338 |
|
|
|a volume
|b nc
|2 rdacarrier
|
| 490 |
1 |
|
|a Duke University publications
|
| 504 |
|
|
|a Bibliography: pages 371-380.
|
| 650 |
|
0 |
|a American fiction
|y 19th century
|x History and criticism.
|
| 650 |
|
0 |
|a Sentimentalism in literature.
|
| 650 |
|
0 |
|a National characteristics, American.
|
| 830 |
|
0 |
|a Duke University publications.
|
| 999 |
|
|
|a MARS
|
| 999 |
f |
f |
|s c4eb1e0b-6aaf-3d2c-a6c1-24e4ba2b7602
|i 7fcd4971-ddde-3534-9a0d-d8d51f64ee85
|t 0
|
| 952 |
f |
f |
|p normal
|a Texas A&M University
|b College Station
|c Sterling C. Evans Library
|d Evans: Library Stacks
|t 0
|e PS377 .B7
|h Library of Congress classification
|i unmediated -- volume
|m A14801256512
|
| 998 |
f |
f |
|a PS377 .B7
|t 0
|l Evans: Library Stacks
|